Council not liable for fatally locked windows (Record no. 100726)

MARC details
000 -LEADER
fixed length control field 00815cam a2200193 4500
008 - FIXED-LENGTH DATA ELEMENTS--GENERAL INFORMATION
fixed length control field 000000n2000 000 0 eng u
035 ## - SYSTEM CONTROL NUMBER
System control number (Sirsi) u107849
245 ## - TITLE STATEMENT
Title Council not liable for fatally locked windows
260 ## - PUBLICATION, DISTRIBUTION, ETC.
Date of publication, distribution, etc. 2000
350 ## - PRICE (NR) (BK AM CF MU VM SE) [OBSOLETE]
Price Times
-- 11 August 2000, 28(1)
520 ## - SUMMARY, ETC.
Summary, etc. "Adams and another v Rhymney Valley DC" CA 11 August 2000. Held that a local authority was not in breach of its duty of care to occupiers who were not able to get out of locked windows with removable keys when fire broke out. Available on http://www-the -times.co.uk
650 ## - SUBJECT ADDED ENTRY--TOPICAL TERM
Topical term or geographic name entry element ADAMS AND ANOTHER V RHYMNEY VALLEY DC
650 ## - SUBJECT ADDED ENTRY--TOPICAL TERM
Topical term or geographic name entry element BREACH OF DUTY OF CARE
650 ## - SUBJECT ADDED ENTRY--TOPICAL TERM
Topical term or geographic name entry element LOCKED WINDOWS
650 ## - SUBJECT ADDED ENTRY--TOPICAL TERM
Topical term or geographic name entry element REMOVABLE KEYS
650 ## - SUBJECT ADDED ENTRY--TOPICAL TERM
Topical term or geographic name entry element FIRE
690 ## - LOCAL SUBJECT ADDED ENTRY--TOPICAL TERM (OCLC, RLIN)
Topical term or geographic name as entry element LANDLORD AND TENANT-RESIDENTIAL TENANCIES-CASE LAW
942 ## - ADDED ENTRY ELEMENTS (KOHA)
Suppress in OPAC 0
Holdings
Withdrawn status Lost status Source of classification or shelving scheme Damaged status Not for loan Home library Current library Shelving location Date acquired Total Checkouts Barcode Date last seen Copy number Price effective from Koha item type
    Dewey Decimal Classification     London London News article 17/08/2000   107849-1001 06/08/2019 1 06/08/2019 Law report